ECrits sur l´angoisse
Gardado en:
| Autor Principal: | |
|---|---|
| Formato: | Libro |
| Idioma: | Undetermined |
| Publicado: |
París, Francia
Editorial Seghers
1963
|
| Materias: | |
| Etiquetas: |
Engadir etiqueta
Sen Etiquetas, Sexa o primeiro en etiquetar este rexistro!
|
MARC
| LEADER | 00000nam a2200000Ia 4500 | ||
|---|---|---|---|
| 008 | 170316s9999 xx 000 0 und d | ||
| 090 | |a 801 E-5e | ||
| 100 | |a Editin Seghers, Paris | ||
| 245 | |a ECrits sur l´angoisse | ||
| 260 | |a París, Francia | ||
| 260 | |b Editorial Seghers | ||
| 260 | |c 1963 | ||
| 300 | |a 188 páginas | ||
| 650 | |a TEORÍA LITERARIA | ||
| 650 | |a LITERATURA | ||
| 650 | |a EXISTENCIALISMO - LITERATURA | ||
| 650 | |a SHAKESPEARE WILLIAM | ||
| 650 | |a EDGAR ALLAN POE | ||
| 650 | |a KIERKEGAARD | ||
| 650 | |a LA TRAGEDIA ANTIGUA - ESQUILO | ||
| 999 | |c 20256 |d 20256 | ||
| 040 | |a cru BVZT | ||
| 942 | |c 15 D |h 801 E-5e |2 z | ||
